| 000 | 01195nam a2200313 i 4500 | ||
|---|---|---|---|
| 003 | EG-GICUC | ||
| 005 | 20260503214440.0 | ||
| 008 | 260503s1966 fr |||fr|||| 00| 0 fre d | ||
| 040 |
_a EG-GICUC _bfre _c EG-GICUC _d EG-GICUC _erda |
||
| 082 | 0 | 4 |
_221 _a343.11223 _bCO . T |
| 092 | 0 | 4 | _221 |
| 099 | _aLaw1 10 343.11223 CO . T 1966 | ||
| 111 |
_aTravaux Du Vi Congres Français De Criminologie : _cToulouse, _d1965, _n,7-9 octobre 1965. _eAuthor. |
||
| 245 | 1 | 3 |
_aLe Traitement Des Délinquants Jeunes Et Adultes / _cTravaux Du Vi Congres Français De Criminologie. |
| 264 | 1 |
_aParis : _bLibrairie Dalloz, _c1966. |
|
| 264 | 3 |
_aToulouse : _bImprimerie Maurice Espic |
|
| 300 |
_a461 page; _c24 cm. |
||
| 336 |
_2rda content _atext |
||
| 337 |
_2rda media _aComputer |
||
| 338 |
_2rda carrier _aOnline Resource |
||
| 490 | _aExtrait Des Annales De La Faculté De Droit Et Des Sciences Économiques De Toulouse | ||
| 546 | _aالنص باللغة الفرنسية | ||
| 650 | 1 |
_aProtection Pénale Des Mineurs _2qrmak |
|
| 650 | 1 |
_aDroit De Pénal _2qrmak |
|
| 651 | 1 | _2qrmak | |
| 856 | 4 | 0 | _uhttps://fll.law.cu.edu.eg/fulltext/conf/B10-11390.pdf |
| 905 | _a54 | ||
| 942 |
_2ddc _cBK _e21 _n0 |
||
| 999 |
_c75394 _d75394 |
||